Жизнь вещества: речь, произнесенная при открытии Швейцарского общества естествоиспытателей в Невшателе Ш. Э. Гильомом, физиком международного бюро мер и весов

Detaylı Bibliyografya
Yazar: Гильом Ш. Э. Шарль Эдуар (Эдуард)
Diğer Yazarlar: Вейнберг М. Е. Мария Евгеньевна (переводчик)
Özet:Отдельный оттиск из журнала "Вестник Опытной Физики и Элементарной Математики"
Текст в русской дореформенной орфографии
Dil:Rusça
Baskı/Yayın Bilgisi: Одесса, Типография Бланкоиздательства, М. Шпенцера, 1900
Konular:
Materyal Türü: Kitap
KOHA link:https://koha.lib.tpu.ru/cgi-bin/koha/opac-detail.pl?biblionumber=273599

MARC

LEADER 00000nam0a2200000 4500
001 273599
005 20231101234639.0
035 |a (RuTPU)RU\TPU\book\296808 
090 |a 273599 
100 |a 20141028d1900 m y0rusy50 ca 
101 0 |a rus 
102 |a RU 
105 |a a z 000zy 
200 1 |a Жизнь вещества  |e речь, произнесенная при открытии Швейцарского общества естествоиспытателей в Невшателе Ш. Э. Гильомом, физиком международного бюро мер и весов  |f Ш. Э. Гильом  |g пер. с фр. М. Е. Вейнберг 
210 |a Одесса  |c Типография Бланкоиздательства, М. Шпенцера  |d 1900 
215 |a 10 с. 
300 |a Отдельный оттиск из журнала "Вестник Опытной Физики и Элементарной Математики" 
300 |a Текст в русской дореформенной орфографии 
606 1 |a Физика  |2 stltpush  |3 (RuTPU)RU\TPU\subj\63709  |9 80688 
610 1 |a вещество 
610 1 |a тела 
610 1 |a форма 
610 1 |a коллекция ТПУ 
675 |a 53  |v 3 
700 1 |a Гильом  |b Ш. Э.  |c швейцарский физик  |c Нобелевский лауреат  |f 1861-1938  |g Шарль Эдуар (Эдуард)  |2 stltpush  |3 (RuTPU)RU\TPU\pers\20911  |9 8597 
702 1 |a Вейнберг  |b М. Е.  |g Мария Евгеньевна  |4 730 
801 1 |a RU  |b 63413507  |c 20141028 
801 2 |a RU  |b 63413507  |c 20201208  |g RCR 
942 |c BK